000 00570nam a2200205Ia 4500
003 OSt
005 20251117120414.0
008 210210b2006 xxu||||| |||| 00| 0 eng d
040 _cAL
041 _aKannada
082 _aK894.7 BELH
100 _aBELURU RAMAMURTI
_dಬೇಲೂರು ರಾಮಮೂರ್ತಿ
_9245911
245 _aHasya nagari
_bಹಾಸ್ಯ ನಗರಿ
260 _aBengaluru
_bVasanta Prakashana
_c2006
300 _a204
650 _aNagebarahagalu
_9245912
690 _aKannada Humour
_9245913
906 _a063160
942 _2ddc
_cBK
999 _c134890
_d134890